00413nam a22001457a 450000500170000000800410001702000150005804100120007308200120008510000120009724500520010926000500016130000310021165000250024220240816073816.0240816b |||||||| |||| 00| 0 eng d a0406050945 aEnglish a349 ALL lEnglish aThe All England Law Reports: Annual Review 1995 aLondon: bButterworth and Company Ltd, c1996 bxiii, 606 pages; c25 cm.  aLegal practice bLaw